01412nam a2200277Ia 4500003000900000005001700009008004100026040003800067041000800105084001000113100004000123245030000163260002900463300002700492336002900519337003300548338002800581502010300609650003200712650003300744700005100777856007100828942006900899999001500968952015100983gtgcusco20251113104901.0250425t2000||||xx |||||||||||||| ||spa|| agtgcuscobspacgtgcuscodgtgcusco aspa aT184310aRubio Mayén, Julia Emelina912133 0aEstudio clínico doble ciego sobre el efecto de la infusión del extracto de semilla de aguacate (Persea americana) sobre la formación de placa dentobacteriana, en dentición permanente de escolares de 12-14 años de la Escuela Nacional Urbana de Niñas No. 52, Emma González de López aGuatemala :bUSAC,c2000 a66 p. :bil. ;c28 cm. atextobtxt2rdacontenido aSin mediaciónbn2rdamedio avolumenbnc2rdasoporte aTesis (Cirujano Dentista) -- Universidad de San Carlos de Guatemala, Facultad de Odontología. -- aDentición permanente9829 aPlaca dentobacteriana912134 aRalón Carranza, Raúl Vitelioeasesor92707 uhttp://biblioteca.usac.edu.gt/tesis/09/09_1544.pdfzTexto completo aBiblioteca de la Facultad de OdontologíacTESISkT1843n02ddc c4879d4879 00102ddc4070aODONTObODONTOcTesisd2000-10-04eGraduandos. Donacióni10-H-s.n.l0oT1843pT00003626r2025-04-30 09:34:36w2025-04-30yTESIS